Statistics for The 100 tv

Click here to take the quiz!

General Stats

  • This quiz has been taken 192 times
  • The average score is 8 of 13

Answer Stats

questionAnswer% Correct
What is sky people, camp called.Arkadia
94%
What is the name of the computer system that destroyed the world.Alie
91%
Witch clan is Roan king of.Ice nation
88%
Who gave the flame to Clarke after he died.Titus
86%
How many died, on the journey to the ground.2
84%
Another name for, Ice Nation.Azgeda
84%
Who does Eliza Taylor, play in the 100.Clarke Griffin
83%
Whats the full name of the president, in mount weather.Dante Wallace
67%
Grounder and Sky girl - couple shipname.Linctavia
63%
Who´s the producer of the series.Jason Rothenberg
48%
Who is the chancellor on the ark.Thelonius jaha
26%
What is Abby´s real name.Abbigal Griffin
3%
Who goes to the space, in the final episode of season 4.bellamy, Raven, Monty, Harper, Murphy, Emori and Echo.
1%

Score Distribution

Percentile by Number Answered

Percent of People with Each Score

Your Score History

You have not taken this quiz